Music Quiz

Random Music or Billboard Quiz

Billboard #1 Singles (1966) Quiz Stats

 Plays Quiz not verified by Sporcle

Score 0/27 Timer 04:00
0 Plays Today
Artist Song % Correct
The TroggsWild Thing
82.6%
Percy SledgeWhen a Man Loves a Woman
78.3%
Barry SadlerBallad of the Green Berets
73.9%
? and the Mysterians96 Tears
73.9%
The MonkeesLast Train to Clarksville
69.6%
Simon & GarfunkelThe Sound of Silence
67.4%
The MonkeesI'm a Believer
67.4%
Nancy SinatraThese Boots Are Made for Walkin
65.2%
The Mamas & the PapasMonday, Monday
65.2%
DonovanSunshine Superman
60.9%
The BeatlesPaperback Writer
54.3%
The Beach BoysGood Vibrations
54.3%
The Lovin' SpoonfulSummer in the City
52.2%
The AssociationCherish
50%
Artist Song % Correct
Frank SinatraStrangers in the Night
47.8%
The New Vaudeville BandWinchester Cathedral
45.7%
Lou ChristieLightnin' Strikes
43.5%
The Young RascalsGood Lovin'
43.5%
The Rolling StonesPaint It Black
43.5%
The BeatlesWe Can Work It Out
39.1%
Petula ClarkMy Love
30.4%
Tommy James and the ShondellsHanky Panky
30.4%
Four TopsReach Out I'll Be There
28.3%
Johnny RiversPoor Side of Town
28.3%
The Righteous Brothers(You're My) Soul and Inspiration
21.7%
The SupremesYou Keep Me Hangin' On
21.7%
The SupremesYou Can't Hurry Love
15.2%

You're not logged in!

Compare scores with friends on all Sporcle quizzes.
OR
Log In

Sporcle TV

Today on Sporcle TV


Watch our educational content, quiz creation guides, and fun videos on Sporcle TV.

Show Comments

Extras

Created Sep 6, 2017ReportNominate
Tags:Billboard Quiz, 1960s

Top Quizzes Today


Score Distribution

Your Account Isn't Verified!

In order to create a playlist on Sporcle, you need to verify the email address you used during registration. Go to your Sporcle Settings to finish the process.

Report this User

Report this user for behavior that violates our Community Guidelines.

Details: